• 首页
  • 本馆介绍
  • 公告通知
  • 最新文献
  • 馆藏检索
  • 电子资源
  • 读者导购
  • 参考咨询
  • 我的图书馆
  • 登录
  • 详细信息显示
  • 放入我的书架
  • 预约/预借图书
  • 作者相关作品
  • 分类相关作品
  • 丛书相关作品
  • 出版社相关作品

书目信息

  • 表格格式
  • 工作单格式
  • 卡片格式
题名:
全国计算机等级考试三级全真试题与解答(笔试、上机)
    
 
作者: 王怡宏 , 欧阳 主编
分册:  
出版信息: 北京   高等教育出版社  2003.04
页数: 146页
开本: 26cm
丛书名:
单 册:
中图分类: TP3-44
科图分类:
主题词: 电子计算机 , 计算技术
电子资源:
ISBN: 7-04-012331-2
000 00773nam0 2200229 450
001 0438841889
005 20041102104721.60
010    @a7-04-012331-2@dCNY14.00
100    @a20041102d2003 km y0chiy0120 ea
101 0  @achi
102    @aCN@b110000
200 1  @a全国计算机等级考试三级全真试题与解答(笔试、上机)@Aquan guo ji suan ji deng ji kao shi san ji quan zhen shi ti yu jie da(bi shi、shang ji)@e网络技术@f王怡宏,欧阳主编@Fwang yi hong,ou yang zhu bian
210    @a北京@c高等教育出版社@d2003.04
215    @a146页@d26cm
517 1  @a网络技术@Awang luo ji shu
606 0  @a电子计算机
606 0  @a计算技术
690    @aTP3-44@v4
701  0 @a王怡宏@Awang yi hong@4主编
701  0 @a欧阳@Aou yang@4主编
801  0 @aCN@bPFT@c20041102
905    @aBZT@dTP3-44@e10@f6
    
    全国计算机等级考试三级全真试题与解答(笔试、上机):网络技术/王怡宏,欧阳主编.-北京:高等教育出版社,2003.04
    146页;26cm
    
    
    ISBN 7-04-012331-2:CNY14.00
    
●
相关链接 在五车中查询图书 在当当中查询图书 在豆瓣中查询图书


正题名:全国计算机等级考试三级全真试题与解答(笔试、上机)     索取号:TP3-44/10         预约/预借

序号 登录号 条形码 馆藏地/架位号 状态 备注
1 0372804   200925366   样本书库/样006架A面5层2列/ [索取号:TP3-44/10] 在馆    
2 0372805   200925375   中心书库中库/ 中库028架B面6列6层17/ [索取号:TP3-44/10] 在馆    
3 0372807   200925357   中心书库中库/ 中库026架B面6列5层68/ [索取号:TP3-44/10] 在馆    
4 0372808   200925320   中心书库中库/ 中库028架B面6列6层16/ [索取号:TP3-44/10] 在馆    
5 0372809   200925339   中心书库中库/ 中库028架B面6列6层15/ [索取号:TP3-44/10] 在馆    
山东省滨州职业学院图书馆 欢迎您!
大连网信软件有限公司© 版权所有